| 000 | 00653nam a22002537a 4500 | ||
|---|---|---|---|
| 001 | 74553 | ||
| 003 | BD-RjUL | ||
| 005 | 20211209082553.0 | ||
| 008 | 190216s1905 njua ai 001 0 eng | ||
| 035 | _a(BD-RjUL) | ||
| 040 |
_aDLC _cDLC _beng |
||
| 041 | _aeng | ||
| 042 | _alcode | ||
| 082 |
_223 _a304.2 _bPHI 1905 |
||
| 100 | 1 |
_aPhillips, L. March _9224139 |
|
| 245 |
_aIn the desert / _cL. March Phillips |
||
| 260 |
_aLondon : _bEdward Arnold, _cc1905. |
||
| 300 |
_axvi ,288 p.: _c23 cm. _bill. ; |
||
| 500 | _aIncludes index. | ||
| 650 |
_aHuman geography _9228326 |
||
| 650 |
_aDeserts _933781 |
||
| 942 |
_2ddc _cBK |
||
| 999 |
_c74553 _d74553 |
||